| 000 | 00734nam a2200277Ia 4500 | ||
|---|---|---|---|
| 003 | OSt | ||
| 005 | 20220925195553.0 | ||
| 006 | a|||||r|||| 00| 0 | ||
| 007 | ta | ||
| 008 | 220923b |||||||| |||| 00| 0 eng d | ||
| 020 | _a0226298396 | ||
| 037 | _cGeneral Book | ||
| 040 |
_aRTL _cRTL _beng |
||
| 041 |
_2eng _aeng |
||
| 082 | _aQ5.73.N7, L2 | ||
| 100 |
_aGlazer Nathan _915135 |
||
| 245 | 0 | _aAmerican Judaism | |
| 250 | _a2 | ||
| 260 |
_aChicago _bUniversity of Chicago _c1972 |
||
| 300 |
_axi, 210p _ccm. |
||
| 490 | _aChicago history of American civilization | ||
| 500 | _aBib p. 200-05 | ||
| 650 | _aBuddhism | ||
| 942 |
_hQ5.73.N7, L2 _cGB _2CC |
||
| 999 |
_c533450 _d533450 |
||